| 000 | 01149nac a22002651u 4500 | ||
|---|---|---|---|
| 010 | _a 2005003160 | ||
| 020 | _a9780521616782 (pbk.) | ||
| 020 | _a0521616786 (pbk.) | ||
| 082 | 0 | 0 |
_a005.1 _bAMB |
| 090 |
_c8745 _d8745 |
||
| 100 | _aAmbler, Scott W., | ||
| 245 | 1 | 4 |
_aThe elements of UML 2.0 style / _cScott W. Ambler. |
| 260 |
_aCambridge [U.K.] ; _aNew York : _bCambridge University Press,2005. _c2005. |
||
| 300 |
_axi, 188 p. : _bill. ; _c18 cm. |
||
| 500 | _a Distributer: Bacca | ||
| 504 | _aIncludes bibliographical references and index. | ||
| 511 | _aCatalogued by: Sara | ||
| 650 | 0 | _aUML (Computer science) | |
| 650 | 0 |
_aComputer software _xDevelopment. |
|
| 856 | 4 | 1 |
_3Table of contents only _uhttp://www.loc.gov/catdir/toc/ecip057/2005003160.html |
| 856 | 4 | 1 |
_3Publisher description _uhttp://www.loc.gov/catdir/enhancements/fy0632/2005003160-d.html |
| 856 | 4 | 1 |
_3Contributor biographical information _uhttp://www.loc.gov/catdir/enhancements/fy0732/2005003160-b.html |
| 942 |
_cBB _k005.1AMB |
||
| 999 |
_c8745 _d8745 |
||